| 000 | 00785nam a22002177a 4500 | ||
|---|---|---|---|
| 999 |
_c17410 _d17410 |
||
| 003 | AR-CdUCM | ||
| 008 | 190508b ||||| |||| 00| 0 spa d | ||
| 040 |
_aMUNICIPALIDAD PROVINCIAL DEL CUSCO _cBIBLIOTECA MUNICIPAL DEL CUSCO |
||
| 082 |
_a160 / _bH35 |
||
| 100 |
_aHegel _937409 |
||
| 245 | _aLógica / | ||
| 260 |
_aMadrid : _bRicardo Aguilera, _c1971. |
||
| 300 |
_a372 páginas ; _c19 cm. |
||
| 505 | _aContenido: Primera relación del pensamiento con el objeto -- Esencia en cuanto razón de la existencia -- Doctrina de la esencia -- Doctrina de la noción... | ||
| 650 |
_aLógica _92358 |
||
| 650 |
_aEstudio y enseñanza _92610 |
||
| 650 |
_aCircuitos lógicos _937410 |
||
| 700 |
_aZozaya, Antonio (traductor) _937411 |
||
| 942 |
_2ddc _cLIBROS |
||
| 945 |
_aacv _d2019-05-08 |
||